| 000 | 00739nam a2200229 4500 | ||
|---|---|---|---|
| 999 |
_c1275 _d1275 |
||
| 001 | 9683 | ||
| 003 | BD-DhUAP | ||
| 005 | 20200204153735.0 | ||
| 008 | 200204s2007 pk ||||| |||| 001 0 eng d | ||
| 040 |
_aBD-DhUAP _bEng _cBD-DhUAP _dBD-DhUAP |
||
| 082 |
_223 _a340.590954 SYE |
||
| 100 | _aSyed, Ameer Ali. | ||
| 245 |
_aCommentaries on Mahommedan law : _bcompiled from authorities in the original Arabic / _cAmeer Ali (Syed) ; Revised by S.H.A. Raza. |
||
| 250 | _a5th ed. | ||
| 260 |
_aLahore : _bImran Law Book House, _cc2007. |
||
| 300 |
_axx, 1643 pages ; _c24 cm. |
||
| 500 | _ain single volume containing two parts. | ||
| 504 | _aIncludes index. | ||
| 650 |
_a Islamic law _zIndia. |
||
| 700 | _aRaza, S.H.A. | ||
| 942 |
_2ddc _cBK |
||